000
00200 a2200097 4500
001
857
100
_a
Ginzton,E.L
245
_a
Microwave measurements
260
_a
_b
Mcgrawhill
_c
090
_c
448
_d
448
942
_a
NUST-CAE
_c
M
_c
30800
999
_c
235930
_d
235930